[Event "PNWCC Online blitz JP 10th"]
[Site "Chess.com INT"]
[Date "2020.05.16"]
[Round "1"]
[White "Rajanish, Abhinav"]
[Black "Rathnakaran, Kantholi"]
[Result "0-1"]
[WhiteElo "1619"]
[BlackElo "2314"]
[PlyCount "50"]
[EventDate "2020.05.16"]
[EventType "swiss (blitz)"]
[EventRounds "11"]
[EventCountry "USA"]
[SourceTitle "CBM 196 Extra"]
[Source "ChessBase"]
[SourceDate "2020.07.31"]
[SourceVersion "1"]
[SourceVersionDate "2020.07.31"]
[SourceQuality "1"]

1. e4 e6 2. d4 d5 3. Nc3 Nf6 4. Bd3 Bb4 5. Bg5 dxe4 6. Bxe4 h6 7. Bxf6 Qxf6 8. Qd2 0-0 9. Nf3 Rd8 10. a3 Ba5 11. Qe3 Nc6 12. Rd1 Ne7 13. 0-0 c6 14. b4 Bc7 15. Ne5 Nd5 16. Nxd5 exd5 17. Bf3 Bf5 18. Ng4 Qd6 19. Ne5 f6 20. Bg4 Bxc2 21. Rc1 Be4 22. f3 Bh7 23. Nd3 Re8 24. Qd2 Qxh2+ 25. Kf2 Bg3# 0-1

[Event "PNWCC Online blitz JP 9th"]
[Site "Chess.com INT"]
[Date "2020.05.09"]
[Round "1"]
[White "Turgut, Aydin"]
[Black "Rajanish, Abhinav"]
[Result "1-0"]
[WhiteElo "2269"]
[BlackElo "1619"]
[PlyCount "85"]
[EventDate "2020.05.09"]
[EventType "swiss (blitz)"]
[EventRounds "11"]
[EventCountry "USA"]
[SourceTitle "CBM 196 Extra"]
[Source "ChessBase"]
[SourceDate "2020.07.31"]
[SourceVersion "1"]
[SourceVersionDate "2020.07.31"]
[SourceQuality "1"]

1. e4 c5 2. Nf3 d6 3. d4 cxd4 4. Nxd4 Nf6 5. Nc3 a6 6. h3 e5 7. Nde2 Be6 8. g4 Be7 9. Bg2 Nbd7 10. a4 0-0 11. Be3 Rc8 12. 0-0 Nb6 13. b3 d5 14. Bxb6 Qxb6 15. Nxd5 Nxd5 16. exd5 Rcd8 17. c4 Bb4 18. Qc2 Bc8 19. Ng3 Rfe8 20. Rad1 g6 21. Kh1 Bc5 22. Ne4 Be7 23. d6 Bh4 24. c5 Qa5 25. Qc3 Qxc3 26. Nxc3 Bf6 27. Nd5 Bg7 28. b4 Be6 29. Nc7 Rf8 30. Bxb7 Rd7 31. c6 Rfd8 32. Nxe6 fxe6 33. cxd7 Rxd7 34. Bc8 Rd8 35. Bxe6+ Kf8 36. d7 Bf6 37. Rc1 Ke7 38. Rc6 a5 39. b5 e4 40. b6 e3 41. fxe3 Bd4 42. exd4 h5 43. Rf7# 1-0

[Event "PNWCC Online blitz JP 8th"]
[Site "Chess.com INT"]
[Date "2020.05.02"]
[Round "4"]
[White "Ai, Evan Zihao"]
[Black "Rajanish, Abhinav"]
[Result "1-0"]
[WhiteElo "1793"]
[BlackElo "1619"]
[PlyCount "117"]
[EventDate "2020.05.02"]
[EventType "swiss (blitz)"]
[EventRounds "11"]
[EventCountry "USA"]
[SourceTitle "CBM 195 Extra"]
[Source "ChessBase"]
[SourceDate "2020.05.31"]
[SourceVersion "1"]
[SourceVersionDate "2020.05.31"]
[SourceQuality "1"]

1. e4 c5 2. Nf3 d6 3. d4 cxd4 4. Nxd4 Nf6 5. Nc3 a6 6. f3 e5 7. Nb3 Be6 8. Be3 Be7 9. Qd2 Nbd7 10. 0-0-0 0-0 11. g4 b5 12. g5 b4 13. Ne2 Ne8 14. Ng3 a5 15. Kb1 a4 16. Nc1 b3 17. cxb3 axb3 18. Nxb3 Bxb3 19. axb3 Nc5 20. Bxc5 dxc5 21. Qxd8 Rxd8 22. Rxd8 Bxd8 23. h4 f6 24. Bc4+ Kh8 25. g6 hxg6 26. h5 Kh7 27. hxg6+ Kxg6 28. Nf5 Bc7 29. Rh4 Nd6 30. Ne7+ Kg5 31. Rg4+ Kh6 32. Be6 Re8 33. Nf5+ Nxf5 34. Bxf5 Rd8 35. Rg6+ Kh5 36. Rxg7 Ba5 37. Rf7 Rd1+ 38. Kc2 Rd2+ 39. Kc1 Rd3 40. Rxf6 Rxf3 41. Bg6+ Kg4 42. Bh5+ Kxh5 43. Rxf3 Kg4 44. Rf5 Bc7 45. Kc2 Kg3 46. Kd3 Kg4 47. Kc4 Kg3 48. Kxc5 Kg4 49. b4 Kg3 50. b5 Kg2 51. b6 Bb8 52. Rf8 Bd6+ 53. Kxd6 Kg3 54. b7 Kh4 55. b8Q Kh3 56. Kxe5 Kh4 57. Qe8 Kh3 58. Qg6 Kh4 59. Rh8# 1-0

[Event "PNWCC Online blitz JP 8th"]
[Site "Chess.com INT"]
[Date "2020.05.02"]
[Round "1"]
[White "Rajanish, Abhinav"]
[Black "Murzin, Volodar"]
[Result "0-1"]
[WhiteElo "1619"]
[BlackElo "2465"]
[PlyCount "84"]
[EventDate "2020.05.02"]
[EventType "swiss (blitz)"]
[EventRounds "11"]
[EventCountry "USA"]
[SourceTitle "CBM 195 Extra"]
[Source "ChessBase"]
[SourceDate "2020.05.31"]
[SourceVersion "1"]
[SourceVersionDate "2020.05.31"]
[SourceQuality "1"]

1. e4 g6 2. d4 Bg7 3. c3 d6 4. Nf3 Nf6 5. Bd3 0-0 6. h3 Na6 7. Be3 c5 8. d5 Nc7 9. Qd2 Rb8 10. Bh6 b5 11. g4 c4 12. Bc2 Na6 13. Qe3 Nc5 14. Nbd2 b4 15. Nxc4 bxc3 16. bxc3 Ba6 17. Ncd2 Rb2 18. Bb1 Qb6 19. c4 Qa5 20. 0-0 Rfb8 21. g5 Bxh6 22. gxh6 Nfd7 23. h4 Kh8 24. h5 f6 25. hxg6 hxg6 26. Nh4 Qxd2 27. Nxg6+ Kh7 28. Qg3 Qg5 29. Qxg5 fxg5 30. Nxe7 Ne5 31. Nf5 Bxc4 32. Nxd6 Bxf1 33. Kxf1 Rxb1+ 34. Rxb1 Rxb1+ 35. Kg2 Rb2 36. Nf5 Nxe4 37. d6 Rxf2+ 38. Kh1 Rxf5 39. d7 Rf1+ 40. Kg2 Rf2+ 41. Kg1 Nf3+ 42. Kh1 Ng3# 0-1